[Event "Arco op 44th"]
[Site "Arco"]
[Date "2022.10.09"]
[Round "2"]
[White "Knapp, Yanik"]
[Black "Salerno, Christian"]
[Result "1/2-1/2"]
[WhiteElo "1670"]
[BlackElo "2012"]
[PlyCount "74"]
[EventDate "2022.10.08"]
[EventType "swiss"]
[EventRounds "9"]
[EventCountry "ITA"]
[SourceTitle "CBM 210 Extra"]
[Source "ChessBase"]
[SourceDate "2022.11.30"]
[SourceVersion "1"]
[SourceVersionDate "2022.11.30"]
[SourceQuality "1"]

1. d4 Nf6 2. c4 g6 3. Nc3 Bg7 4. e4 d6 5. Be2 0-0 6. Bg5 Nbd7 7. Qd2 e5 8. d5 a5 9. g4 Nc5 10. f3 h6 11. Bh4 Qe7 12. 0-0-0 Rd8 13. Bf2 Bd7 14. h4 Ne8 15. Be3 Kh7 16. h5 g5 17. Nh3 c6 18. Nf2 Nf6 19. Kb1 a4 20. Nd3 Nxd3 21. Bxd3 Kg8 22. Bc2 c5 23. Ka1 Rdb8 24. Bd3 Ne8 25. Nb5 Bf6 26. Rb1 Bxb5 27. cxb5 Qc7 28. b4 axb3 29. Rxb3 b6 30. Rc1 Rb7 31. Bc4 Rba7 32. Rb2 Ra3 33. Rc3 Qa7 34. Rxa3 Qxa3 35. Qd3 Qxd3 36. Bxd3 Ra3 37. Rb3 Rxb3 1/2-1/2

[Event "SUI-ch U16"]
[Site "Biel"]
[Date "2022.07.18"]
[Round "2"]
[White "Knapp, Yanik"]
[Black "Gendre, Arthur"]
[Result "1-0"]
[WhiteElo "1675"]
[BlackElo "1414"]
[PlyCount "99"]
[EventDate "2022.07.18"]
[EventType "swiss"]
[EventRounds "7"]
[EventCountry "SUI"]
[SourceTitle "EXT 2023"]
[Source "ChessBase"]
[SourceDate "2022.10.05"]
[SourceVersion "1"]
[SourceVersionDate "2022.10.05"]
[SourceQuality "1"]

1. d4 Nf6 2. c4 e6 3. Nc3 Bb4 4. Qc2 0-0 5. a3 Bxc3+ 6. Qxc3 b6 7. Bg5 Bb7 8. e3 h6 9. Bh4 d5 10. Nf3 Nbd7 11. Be2 c5 12. 0-0 Rc8 13. Rac1 Ne4 14. Bxd8 Nxc3 15. bxc3 Rfxd8 16. cxd5 Bxd5 17. Nd2 cxd4 18. cxd4 Nf6 19. Ba6 Rxc1 20. Rxc1 Kf8 21. f3 Rd7 22. Kf2 Ne8 23. Rc8 Rc7 24. e4 Rxc8 25. Bxc8 Bc6 26. Ba6 Ke7 27. Ke3 Nc7 28. Bc4 Bb5 29. Kd3 Kd6 30. Nb1 Bxc4+ 31. Kxc4 a6 32. a4 b5+ 33. axb5 axb5+ 34. Kb4 g6 35. Nc3 Kc6 36. h4 f6 37. Ka5 h5 38. g4 f5 39. g5 f4 40. Ne2 e5 41. dxe5 Ne6 42. Kb4 Kb6 43. Nc3 Nd4 44. Nd5+ Kb7 45. Nxf4 Nxf3 46. Nxg6 Kc6 47. e6 Kd6 48. e7 Kd7 49. Kxb5 Nd4+ 50. Kc4 1-0

[Event "Basel op 24th"]
[Site "Basel"]
[Date "2022.03.04"]
[Round "1"]
[White "Knapp, Yanik"]
[Black "Sandalakis, Angelos"]
[Result "0-1"]
[WhiteElo "1606"]
[BlackElo "2405"]
[PlyCount "50"]
[EventDate "2022.03.04"]
[EventType "swiss"]
[EventRounds "5"]
[EventCountry "SUI"]
[SourceTitle "EXT 2024"]
[Source "ChessBase"]
[SourceDate "2023.10.10"]
[SourceVersion "1"]
[SourceVersionDate "2023.10.10"]
[SourceQuality "1"]

1. d4 Nf6 2. c4 e6 3. Nc3 Bb4 4. Qc2 0-0 5. a3 Bxc3+ 6. Qxc3 Ne4 7. Qc2 f5 8. e3 b6 9. Bd3 Bb7 10. Ne2 Qh4 11. g3 Qh6 12. Rf1 Qxh2 13. Bd2 Ng5 14. Nf4 Bf3 15. Be2 Be4 16. Bd3 Bg2 17. Nxg2 Nf3+ 18. Ke2 Qxg2 19. Bc3 Nc6 20. b4 Rae8 21. d5 exd5 22. Qb2 d4 23. Bd2 dxe3 24. Bxe3 Ncd4+ 25. Kd1 Rxe3 0-1

[Event "Serpiano op"]
[Site "Serpiano"]
[Date "2021.11.27"]
[Round "2"]
[White "Luciani, Valerio"]
[Black "Knapp, Yanik"]
[Result "1-0"]
[WhiteElo "2180"]
[BlackElo "1697"]
[PlyCount "75"]
[EventDate "2021.11.27"]
[EventType "swiss"]
[EventRounds "5"]
[EventCountry "SUI"]
[SourceTitle "CBM 205 Extra"]
[Source "ChessBase"]
[SourceDate "2022.01.31"]
[SourceVersion "1"]
[SourceVersionDate "2022.01.31"]
[SourceQuality "1"]

1. d4 d5 2. c4 e6 3. Nc3 Nf6 4. cxd5 exd5 5. Bg5 Nbd7 6. e3 c6 7. Qc2 Be7 8. Bd3 Nh5 9. Bxe7 Qxe7 10. Nge2 g6 11. 0-0 0-0 12. Rab1 Nb6 13. b4 a6 14. a4 Ng7 15. b5 axb5 16. axb5 c5 17. Nf4 Rd8 18. dxc5 Qxc5 19. Nfe2 Bf5 20. Ra1 Bxd3 21. Qxd3 Nf5 22. Rxa8 Rxa8 23. Rd1 Ra3 24. g3 Na4 25. Rc1 Nxc3 26. Rxc3 Rxc3 27. Nxc3 d4 28. exd4 Qxd4 29. Qxd4 Nxd4 30. f4 f5 31. Kf2 Kf7 32. Ke3 Ne6 33. Nd5 Nc5 34. Kd4 Nb3+ 35. Ke5 Nd2 36. Kd6 Nf1 37. b6 Nxh2 38. Kc7 1-0